[Event "Syre Memorial op 33th"]
[Site "Issy les Moulineaux"]
[Date "2010.05.14"]
[Round "1"]
[White "Aveline, Philippe"]
[Black "Bourogaa, Younes"]
[Result "0-1"]
[WhiteElo "2142"]
[BlackElo "1930"]
[PlyCount "33"]
[EventDate "2010.05.13"]
[EventType "swiss"]
[EventRounds "6"]
[EventCountry "FRA"]
[SourceTitle "EXT 2011"]
[Source "ChessBase"]
[SourceDate "2010.11.26"]
[SourceVersion "1"]
[SourceVersionDate "2010.11.26"]
[SourceQuality "1"]

1. e4 e5 2. Nf3 Nc6 3. c3 Nf6 4. d4 Nxe4 5. d5 Ne7 6. Nxe5 Ng6 7. Nxg6 hxg6 8. Qf3 Nf6 9. Be3 Qe7 10. Nd2 Qe5 11. Bc4 Rh5 12. 0-0-0 Rf5 13. Qh3 Rh5 14. Qg3 Qxg3 15. hxg3 Nxd5 16. Rxh5 Nxe3 17. Re5+ 0-1

[Event "Paris"]
[Site "Paris"]
[Date "2010.01.??"]
[Round "3"]
[White "Bourogaa, Younes"]
[Black "Aranovitch, Emiliano"]
[Result "0-1"]
[WhiteElo "1926"]
[BlackElo "2338"]
[PlyCount "122"]
[EventDate "2010.01.??"]
[EventType "tourn"]
[EventRounds "9"]
[EventCountry "FRA"]
[EventCategory "3"]
[SourceTitle "EXT 2011"]
[Source "ChessBase"]
[SourceDate "2010.11.26"]
[SourceVersion "1"]
[SourceVersionDate "2010.11.26"]
[SourceQuality "1"]

1. d4 d5 2. c4 e6 3. Nf3 c5 4. e3 Nf6 5. Nc3 Nc6 6. a3 cxd4 7. exd4 Be7 8. Bd3 dxc4 9. Bxc4 0-0 10. 0-0 b6 11. d5 Na5 12. Ba2 exd5 13. Nxd5 Nxd5 14. Qxd5 Ba6 15. Qxd8 Raxd8 16. Re1 Bf6 17. Bg5 Bxg5 18. Nxg5 Bc4 19. Bxc4 Nxc4 20. Re7 a5 21. g3 h6 22. Nf3 Nxb2 23. Rb7 Rb8 24. Rc7 Rfc8 25. Rd7 Nc4 26. a4 Rd8 27. Rc7 Rbc8 28. Rb7 Rb8 29. Rc7 Rbc8 30. Rb7 Rc6 31. Re1 Rf6 32. Kg2 Rd3 33. Ng1 Rd2 34. Nh3 Nb2 35. Re8+ Kh7 36. Rbb8 Nd3 37. Rh8+ Kg6 38. Nf4+ Nxf4+ 39. gxf4 Rd4 40. Rhc8 Rdxf4 41. Rc2 Rxa4 42. Rb2 Rb4 43. Rxb4 axb4 44. Rd8 b5 45. Rd5 Rb6 46. Rd3 b3 47. Rxb3 b4 48. Kf3 Kf5 49. Ke3 Ke5 50. Kd3 Kd5 51. Kc2 Rf6 52. f3 Rf4 53. Rd3+ Kc4 54. Re3 Rh4 55. Re2 f5 56. Rg2 g5 57. Re2 Rh3 58. Rf2 b3+ 59. Kb2 Kb4 60. f4 g4 61. Rd2 Kc4 0-1

[Event "Syre Memorial op 32nd"]
[Site "Issy les Moulineaux"]
[Date "2009.05.22"]
[Round "3"]
[White "Laurent, Julien G"]
[Black "Bourogaa, Younes"]
[Result "1/2-1/2"]
[WhiteElo "2343"]
[BlackElo "1860"]
[PlyCount "109"]
[EventDate "2009.05.21"]
[EventType "swiss"]
[EventRounds "6"]
[EventCountry "FRA"]
[SourceTitle "EXT 2010"]
[Source "ChessBase"]
[SourceDate "2010.11.25"]
[SourceVersion "1"]
[SourceVersionDate "2010.11.25"]
[SourceQuality "1"]

1. d4 d5 2. c4 Nc6 3. Nf3 Bg4 4. cxd5 Bxf3 5. gxf3 Qxd5 6. e3 e5 7. Nc3 Bb4 8. Bd2 Bxc3 9. bxc3 Qd6 10. Rb1 Rb8 11. f4 exf4 12. e4 Nge7 13. Qf3 Ng6 14. e5 Qe6 15. Bh3 Qc4 16. Bf1 Qxa2 17. Bd3 0-0 18. Ke2 f6 19. Be4 Qa6+ 20. Bd3 Qa2 21. h4 fxe5 22. Rxb7 e4 23. Bxe4 Qa6+ 24. Qd3 Qxd3+ 25. Kxd3 Rxb7 26. Bxc6 Rb6 27. Bd5+ Kh8 28. h5 Ne7 29. Be4 a5 30. Ra1 Ra6 31. Ra4 c6 32. c4 Rfa8 33. Bxf4 Rf8 34. Be5 Rxf2 35. h6 Nf5 36. Bxf5 Rxf5 37. hxg7+ Kg8 38. Ra1 a4 39. Ke4 Rg5 40. Rb1 Rxe5+ 41. Kxe5 a3 42. c5 a2 43. Ra1 Kxg7 44. Kd6 h5 45. d5 cxd5+ 46. c6 Kf6 47. Kd7 Ke5 48. c7 Rd6+ 49. Kc8 Rc6 50. Kb7 Rc3 51. Rxa2 d4 52. Ra5+ Ke4 53. Rxh5 d3 54. c8Q Rxc8 55. Kxc8 1/2-1/2

[Event "FRA-ch op-B"]
[Site "Pau"]
[Date "2008.08.12"]
[Round "1"]
[White "Bourogaa, Younes"]
[Black "Chebance, Benoit"]
[Result "1/2-1/2"]
[WhiteElo "1872"]
[BlackElo "1988"]
[PlyCount "61"]
[EventDate "2008.08.11"]
[EventType "swiss"]
[EventRounds "11"]
[EventCountry "FRA"]
[SourceTitle "CBM 126 Extra"]
[Source "ChessBase"]
[SourceDate "2008.11.05"]
[SourceVersion "1"]
[SourceVersionDate "2008.11.05"]
[SourceQuality "1"]

1. d4 d5 2. c4 e6 3. Nc3 Nf6 4. Nf3 c6 5. Bg5 Be7 6. e3 Nbd7 7. Bd3 0-0 8. 0-0 h6 9. Bh4 Re8 10. Rb1 b6 11. Qc2 Bb7 12. b4 dxc4 13. Bxc4 Nd5 14. Bxe7 Qxe7 15. a3 Nxc3 16. Qxc3 Nf6 17. Ne5 Ne4 18. Qc2 Nd6 19. Bd3 Rac8 20. Qe2 c5 21. dxc5 bxc5 22. Ba6 Bxa6 23. Qxa6 cxb4 24. Rxb4 Rc5 25. Nf3 Rec8 26. h3 e5 27. Rd1 Rc1 28. Rb1 Rxb1 29. Rxb1 Rc7 30. Rd1 Nf5 31. Qa5 1/2-1/2

[Event "FRA-chT1A 0708"]
[Site "France"]
[Date "2008.03.15"]
[Round "8.7"]
[White "Bourogaa, Younes"]
[Black "Daurelle, Herve"]
[Result "0-1"]
[WhiteElo "1895"]
[BlackElo "2242"]
[PlyCount "71"]
[EventDate "2007.10.21"]
[EventType "team"]
[EventRounds "11"]
[EventCountry "FRA"]
[SourceTitle "EXT 2009"]
[Source "ChessBase"]
[SourceDate "2008.11.26"]
[SourceVersion "1"]
[SourceVersionDate "2008.11.26"]
[SourceQuality "1"]
[WhiteTeam "Chess XV"]
[BlackTeam "Clichy II"]
[WhiteTeamCountry "FRA"]
[BlackTeamCountry "FRA"]

1. d4 Nf6 2. c4 e6 3. Nc3 Bb4 4. Qc2 0-0 5. Nf3 b6 6. e3 Bb7 7. Bd3 d5 8. 0-0 dxc4 9. Bxc4 Nbd7 10. a3 Bxc3 11. bxc3 c5 12. Bd3 Qc7 13. Ng5 h6 14. Nh7 Nxh7 15. Bxh7+ Kh8 16. Be4 Rac8 17. Bxb7 Qxb7 18. Qb2 e5 19. Rd1 Rfe8 20. d5 e4 21. c4 Ne5 22. Qe2 Qa6 23. Bb2 Qxc4 24. Qh5 f6 25. d6 Rcd8 26. Rd2 Qf7 27. Qxf7 Nxf7 28. d7 Re7 29. Rad1 Ng5 30. a4 Ne6 31. a5 Nf8 32. axb6 axb6 33. f3 exf3 34. gxf3 Rexd7 35. Rxd7 Rxd7 36. Ra1 0-1

[Event "Nantes op 6th"]
[Site "Nantes"]
[Date "2007.12.29"]
[Round "7"]
[White "Theon, Pierre"]
[Black "Bourogaa, Younes"]
[Result "1-0"]
[WhiteElo "2121"]
[BlackElo "1895"]
[PlyCount "77"]
[EventDate "2007.12.26"]
[EventType "swiss"]
[EventRounds "7"]
[EventCountry "FRA"]
[SourceTitle "CBM 122 Extra"]
[Source "ChessBase"]
[SourceDate "2008.03.04"]
[SourceVersion "1"]
[SourceVersionDate "2008.03.04"]
[SourceQuality "1"]

1. e4 d6 2. Nc3 Nf6 3. d4 c6 4. f4 Qa5 5. e5 dxe5 6. fxe5 Ne4 7. Qf3 Nxc3 8. Bd2 e6 9. Bxc3 Bb4 10. Ne2 Nd7 11. a3 Bxc3+ 12. bxc3 c5 13. Kd1 0-0 14. Nf4 Rd8 15. Kc1 Nb6 16. Bd3 cxd4 17. Qe4 g6 18. h4 Qxc3 19. Ra2 Qc6 20. Qe2 Nd5 21. Qg4 Nxf4 22. Qxf4 b6 23. h5 Qc7 24. hxg6 fxg6 25. Bxg6 Rf8 26. Bxh7+ Qxh7 27. Qxf8+ Kxf8 28. Rxh7 Kg8 29. Rc7 Ba6 30. Kd2 Rf8 31. g4 Rf4 32. Rxa7 Bc4 33. Ra1 Rf2+ 34. Kc1 Re2 35. Rb1 b5 36. Rb4 Rxe5 37. a4 d3 38. cxd3 Bxd3 39. Rd4 1-0